[Event "FIDE World Bl Team Pool A"]
[Site "London ENG"]
[Date "2025.06.14"]
[Round "2.2"]
[White "Van Foreest, Jorden"]
[Black "Reimanis, Ritvars"]
[Result "1-0"]
[WhiteTitle "GM"]
[BlackTitle "IM"]
[WhiteElo "2687"]
[BlackElo "2355"]
[WhiteTeam "Knight Dance"]
[BlackTeam "The MongolZ"]
[WhiteFideId "1039784"]
[BlackFideId "11602988"]
[EventDate "2025.06.14"]
[EventType "team"]

1. e4 e5 2. Nf3 Nc6 3. Bb5 Nf6 4. O-O Nxe4 5. Re1 Nd6 6. Nxe5 Nxe5 7. Rxe5+ Be7
8. Bf1 O-O 9. d4 Bf6 10. Re1 Nf5 11. d5 d6 12. Nd2 Bg5 13. Bd3 Nh6 14. Ne4 Bxc1
15. Qxc1 Bf5 16. Qf4 Bg6 17. Ng3 Qd7 18. Re2 Rae8 19. Rae1 Rxe2 20. Rxe2 Re8 21.
Ne4 Bxe4 22. Rxe4 Rxe4 23. Qxe4 g6 24. Qe3 Ng4 25. Qxa7 Qe7 26. h3 Qe1+ 27. Bf1
Nf6 28. Qb8+ Kg7 29. Qxc7 Ne4 30. Qb6 Nd2 31. Qd4+ f6 32. Qd3 g5 33. g3 Qc1 34.
Kg2 Nxf1 35. Qxf1 Qxb2 36. Qc4 Kh6 37. Qe4 Qxa2 38. Qe7 Qxd5+ 39. Kh2 Qf3 40.
Kg1 Qd1+ 41. Kh2 Qf3 42. Qf8+ Kg6 43. Qg8+ Kh6 44. Kg1 Qd1+ 45. Kg2 Qd4 46. Qf8+
Kg6 47. Qe8+ Kh6 48. Qf8+ Kg6 49. Qg8+ Kh6 50. Qf7 b6 51. c4 Qe4+ 52. Kh2 Qd4
53. Kg1 Qd1+ 54. Kg2 Qd4 55. Qf8+ Kg6 56. Qe8+ Kh6 57. Qf7 Qe4+ 58. Kf1 Qd3+ 59.
Kg1 Qd1+ 60. Kg2 Qd4 61. Qe6 Kg6 62. g4 Kg7 63. Qe7+ Kg6 64. Qe8+ Kg7 65. Qe6
Qe5 66. Qd7+ Kg6 67. Qc6 Qc5 68. Qe8+ Kg7 69. Qe7+ Kg6 70. Qe6 Kg7 71. Kf3 Qd4
72. Qe7+ Kg8 73. Kg2 Qxc4 74. Qxf6 Qd5+ 75. Kg1 Qc5 76. Qe6+ Kg7 77. Qe7+ Kg8
78. Qe6+ Kg7 79. Qe7+ Kg8 80. Qe6+ Kg7 81. Qe7+ Kg8 82. Qd8+ Kg7 83. Qd7+ Kg8
84. Qd8+ Kg7 85. Qe7+ Kg8 86. h4 gxh4 87. Qd8+ Kg7 88. Qxh4 h6 89. Qe7+ Kg6 90.
Kg2 b5 91. Qe6+ Kg7 92. f4 b4 93. f5 Qe5 94. Qg6+ Kf8 95. Qxh6+ Ke7 96. Qh7+ Kd8
97. Qg8+ Kd7 98. Qf7+ Kd8 99. g5 Qe2+ 100. Kg3 Qe1+ 101. Kg4 Qe2+ 102. Kf4 Qf2+
103. Ke4 Qe2+ 104. Kf4 Qf2+ 105. Kg4 Qe2+ 106. Kg3 Qe3+ 107. Kh4 b3 108. g6 Qf2+
109. Kg5 Qe3+ 110. Kg4 Qe2+ 111. Kh4 Qf2+ 112. Kh5 Qh2+ 113. Kg5 Qg3+ 114. Kh6
Qh4+ 115. Kg7 b2 116. Qf8+ Kd7 117. Qf7+ Kd8 118. Qb7 Qe7+ 119. Qxe7+ Kxe7 120.
f6+ Kd7 121. f7 b1=Q 122. f8=Q d5 123. Qf7+ Kc6 124. Qe6+ Kc5 125. Kf7 d4 126.
g7 Qh7 127. Kf8 d3 128. g8=Q Qxg8+ 129. Kxg8 1-0

[Event "FIDE World Bl Team Pool A"]
[Site "London ENG"]
[Date "2025.06.14"]
[Round "2.3"]
[White "Itgelt, Khuyagtsogt"]
[Black "Dardha, Daniel"]
[Result "1/2-1/2"]
[WhiteTitle "IM"]
[BlackTitle "GM"]
[WhiteElo "2425"]
[BlackElo "2646"]
[WhiteTeam "The MongolZ"]
[BlackTeam "Knight Dance"]
[WhiteFideId "4902912"]
[BlackFideId "240990"]
[EventDate "2025.06.14"]
[EventType "team"]

1. d4 Nf6 2. c4 a6 3. Nc3 c5 4. e3 cxd4 5. exd4 d5 6. Nf3 Nc6 7. cxd5 Nxd5 8.
Bc4 Nxc3 9. bxc3 e6 10. O-O Be7 11. Bd3 O-O 12. c4 Bf6 13. Be3 Bd7 14. Rb1 b5
15. cxb5 axb5 16. Bxb5 Ne7 17. a4 Nd5 18. Qd3 Bxb5 19. axb5 Qd6 20. Nd2 Rfb8 21.
Ne4 Qd7 22. Nc5 Qe8 23. Rb3 Nb6 24. Na6 Rb7 25. Rc1 Qd8 26. Rbc3 Nd5 27. Rc6 h5
28. Qc4 Kh7 29. h3 Qa5 30. Nc7 Rd8 31. Rc5 Nxc7 32. Rxc7 Qxb5 33. Qxb5 Rxb5 34.
Rxf7 Bxd4 35. Bxd4 Rxd4 36. Re1 Rf5 37. Rxf5 exf5 1/2-1/2

[Event "FIDE World Bl Team Pool A"]
[Site "London ENG"]
[Date "2025.06.14"]
[Round "2.4"]
[White "Maurizzi, Marc'Andria"]
[Black "Nomin-Erdene, Davaademberel"]
[Result "1-0"]
[WhiteTitle "GM"]
[BlackTitle "IM"]
[WhiteElo "2607"]
[BlackElo "2293"]
[WhiteTeam "Knight Dance"]
[BlackTeam "The MongolZ"]
[WhiteFideId "36083534"]
[BlackFideId "4900782"]
[EventDate "2025.06.14"]
[EventType "team"]

1. e4 c6 2. h4 d5 3. e5 h5 4. d4 Bf5 5. c4 e6 6. Nc3 Be7 7. g3 dxc4 8. Bxc4 Nd7
9. Nge2 Nb6 10. Bb3 Qd7 11. O-O Nh6 12. Bxh6 Rxh6 13. Bc2 Bxc2 14. Qxc2 g5 15.
hxg5 Bxg5 16. Ne4 Be7 17. Qd2 Rh7 18. a4 Nd5 19. a5 a6 20. Qd3 Rg7 21. Kh2 O-O-O
22. f3 f5 23. exf6 Nxf6 24. Rae1 h4 25. g4 Qc7+ 26. Kh1 Qxa5 27. Nf4 Re8 28.
Nxe6 Rgg8 29. Re2 Nd5 30. f4 Rxg4 31. Qh3 Reg8 32. N6g5 Kb8 33. Qxg4 Qb4 34. Qe6
Rh8 35. Qe5+ 1-0

[Event "FIDE World Bl Team Pool A"]
[Site "London ENG"]
[Date "2025.06.14"]
[Round "2.5"]
[White "Ulziikhishig Khishigbat"]
[Black "Roebers, Eline"]
[Result "0-1"]
[WhiteTitle "FM"]
[BlackTitle "IM"]
[WhiteElo "2266"]
[BlackElo "2356"]
[WhiteTeam "The MongolZ"]
[BlackTeam "Knight Dance"]
[WhiteFideId "4908120"]
[BlackFideId "1058401"]
[EventDate "2025.06.14"]
[EventType "team"]

1. d4 f5 2. e4 fxe4 3. Nc3 Nf6 4. Bg5 g6 5. h4 d5 6. f3 Bg7 7. h5 Nxh5 8. Rxh5
gxh5 9. fxe4 Bg4 10. Be2 Qd7 11. Nxd5 c6 12. Nxe7 Qxd4 13. Qxd4 Bxd4 14. Nf3
Bxb2 15. Rb1 Bc3+ 16. Kf2 b6 17. Nf5 O-O 18. Ne3 Nd7 19. Kg3 Be6 20. Rd1 Ne5 21.
a4 Rf7 22. Rd6 Nxf3 23. Rxe6 Nxg5 24. Rxc6 Nxe4+ 25. Kh4 Be1+ 26. Kh3 Ng5+ 27.
Kh2 Re8 28. Bc4 Rxe3 29. Bxf7+ Kxf7 30. Kg1 Bg3 31. Rc7+ Kf6 32. Rc6+ Ne6 33.
Kf1 Re1# 0-1

[Event "FIDE World Bl Team Pool A"]
[Site "London ENG"]
[Date "2025.06.14"]
[Round "2.6"]
[White "Phulpin, Theo"]
[Black "Araya Fuentes, Cristian"]
[Result "1-0"]
[WhiteElo "1773"]
[BlackElo "1921"]
[WhiteTeam "Knight Dance"]
[BlackTeam "The MongolZ"]
[WhiteFideId "36001600"]
[BlackFideId "6502946"]
[EventDate "2025.06.14"]
[EventType "team"]

1. e4 c6 2. c4 d5 3. exd5 cxd5 4. cxd5 Nf6 5. Nc3 Nxd5 6. Nf3 Nc6 7. d4 Bg4 8.
Qb3 Bxf3 9. gxf3 Nb6 10. Bb5 e6 11. Be3 Be7 12. O-O-O O-O 13. d5 Nxd5 14. Nxd5
exd5 15. Rxd5 Qc7 16. Kb1 a6 17. Bd3 Bf6 18. Rf5 Ne7 19. Rxf6 gxf6 20. Bh6 Rfd8
21. Rg1+ Ng6 22. Bxg6 hxg6 23. Rxg6+ Kh7 24. Rxf6 Rd7 25. Bf4 Qc6 26. Rxc6 bxc6
27. Qc2+ Kg7 28. Qxc6 Rad8 29. Be5+ Kh7 30. a3 a5 31. Qf6 Rg8 32. Qf5+ Rg6 33.
Qxd7 Kh6 34. Qe7 1-0

[Event "FIDE World Bl Team Pool A"]
[Site "London ENG"]
[Date "2025.06.14"]
[Round "2.1"]
[White "Sava, Robert-Gabriel"]
[Black "Hong, Andrew"]
[Result "1/2-1/2"]
[WhiteTitle "CM"]
[BlackTitle "GM"]
[WhiteElo "2121"]
[BlackElo "2589"]
[WhiteTeam "xChess.AI"]
[BlackTeam "FIDE MB Team"]
[WhiteFideId "1265725"]
[BlackFideId "2099438"]
[EventDate "2025.06.14"]
[EventType "team"]

1. d4 Nf6 2. c4 e6 3. g4 h6 4. Nc3 c5 5. d5 exd5 6. cxd5 d6 7. g5 hxg5 8. Bxg5
Be7 9. Nf3 Bg4 10. Bg2 Nbd7 11. h3 Bf5 12. Qb3 Rb8 13. a4 Qa5 14. h4 b5 15. O-O
c4 16. Qd1 b4 17. Nb5 Be4 18. Nfd4 Bxg2 19. Kxg2 Qb6 20. Nc6 a6 21. Nxb8 Qxb8
22. Nd4 O-O 23. Nc6 Qe8 24. Qd4 Bd8 25. Nxd8 Qxd8 26. Qxc4 Re8 27. Rac1 Qa5 28.
Rfd1 Qxa4 29. Ra1 Qb5 30. Qxb5 axb5 31. Ra5 Rxe2 32. Rd2 Re4 33. Rxb5 Rc4 34. b3
Rg4+ 35. Kh3 Re4 36. Be3 Kh7 37. Rd4 Re5 38. Rbxb4 Nxd5 39. Rb7 N7f6 40. Rxf7
Nxe3 41. fxe3 Rxe3+ 42. Kg2 Rxb3 43. Rxd6 Nh5 44. Rf5 Ng3 45. Rfd5 Ne4 46. Re6
Nf6 47. Rf5 Kg6 1/2-1/2

[Event "FIDE World Bl Team Pool A"]
[Site "London ENG"]
[Date "2025.06.14"]
[Round "2.2"]
[White "Short, Nigel D"]
[Black "Rusu, Lucas"]
[Result "1-0"]
[WhiteTitle "GM"]
[WhiteElo "2587"]
[BlackElo "2038"]
[WhiteTeam "FIDE MB Team"]
[BlackTeam "xChess.AI"]
[WhiteFideId "400025"]
[BlackFideId "42206472"]
[EventDate "2025.06.14"]
[EventType "team"]

1. e4 c5 2. Nc3 Nc6 3. g3 g6 4. Bg2 Bg7 5. d3 d6 6. Be3 e6 7. Qd2 Nge7 8. h4 h5
9. Nh3 Nd4 10. O-O e5 11. f4 exf4 12. Nxf4 Be6 13. Nd1 Qd7 14. c3 Ndc6 15. d4
cxd4 16. cxd4 Bc4 17. Re1 O-O 18. b3 Ba6 19. Rc1 Rac8 20. Bh3 f5 21. Nf2 Rce8
22. Qd1 Kh7 23. d5 Ne5 24. Ne6 Rf7 25. Ng5+ Kg8 26. Nxf7 Kxf7 27. Bxa7 Bh6 28.
Be3 Bxe3 29. Rxe3 Qb5 30. exf5 Qb6 31. fxg6+ Kg7 32. Qd2 Rf8 33. Bg2 Nf5 34.
Rec3 Nd4 35. Rc7+ Kg8 36. Qh6 Ne2+ 37. Kh1 Nxg3+ 38. Kh2 Nf3+ 39. Kxg3 Qxf2+ 40.
Kxf2 Ne5+ 41. Kg1 1-0

[Event "FIDE World Bl Team Pool A"]
[Site "London ENG"]
[Date "2025.06.14"]
[Round "2.3"]
[White "Badescu, Matei-Andrei"]
[Black "Bologan, Victor"]
[Result "0-1"]
[BlackTitle "GM"]
[WhiteElo "1947"]
[BlackElo "2601"]
[WhiteTeam "xChess.AI"]
[BlackTeam "FIDE MB Team"]
[WhiteFideId "42213096"]
[BlackFideId "13900048"]
[EventDate "2025.06.14"]
[EventType "team"]

1. e4 g6 2. d4 Bg7 3. Nc3 c6 4. Be3 Qb6 5. Rb1 Nf6 6. Nf3 Ng4 7. Be2 Nxe3 8.
fxe3 d6 9. O-O O-O 10. Bc4 Qc7 11. Ng5 e6 12. Bb3 Qe7 13. Nf3 Nd7 14. Qd2 b5 15.
a3 a5 16. Ne2 c5 17. a4 b4 18. Ng3 Ba6 19. Rfd1 c4 20. Ba2 Nb6 21. b3 c3 22. Qf2
e5 23. Re1 h5 24. Nf1 Rad8 25. Qg3 Bf6 26. h3 Kg7 27. Rbd1 Rd7 28. Bb1 Rfd8 29.
Qf2 Bb7 30. N1d2 cxd2 31. Nxd2 Rc8 32. d5 Rc3 33. Qf1 Bh4 34. Re2 Ba6 35. Nc4
Nxc4 36. bxc4 Bxc4 37. Qf3 Bxe2 38. Qxe2 Qg5 39. Rd3 Rdc7 40. Ba2 Rxc2 0-1

[Event "FIDE World Bl Team Pool A"]
[Site "London ENG"]
[Date "2025.06.14"]
[Round "2.4"]
[White "Al-Mudahka, Mohd"]
[Black "Sava, Christiansen-Danut-Eugen"]
[Result "1-0"]
[WhiteTitle "GM"]
[BlackTitle "FM"]
[WhiteElo "2542"]
[BlackElo "2002"]
[WhiteTeam "FIDE MB Team"]
[BlackTeam "xChess.AI"]
[WhiteFideId "12100030"]
[BlackFideId "1210114"]
[EventDate "2025.06.14"]
[EventType "team"]

1. e4 e5 2. Nf3 Nf6 3. Nxe5 Nxe4 4. Qe2 Qe7 5. Qxe4 d6 6. d4 dxe5 7. dxe5 Nc6 8.
Nc3 Qxe5 9. Qxe5+ Nxe5 10. Nb5 Bb4+ 11. c3 Ba5 12. Bf4 f6 13. O-O-O Bd7 14. Be2
a6 15. Nd4 O-O-O 16. Bxe5 fxe5 17. Nf3 Rde8 18. Ng5 h6 19. Ne4 Bb6 20. Rhe1 Bc6
21. Bg4+ Kb8 22. f3 Rhf8 23. Bd7 Bxd7 24. Rxd7 g5 25. Kc2 Kc8 26. Red1 Rd8 27.
Rxd8+ Rxd8 28. Rxd8+ Kxd8 29. Kd3 Ke7 30. g4 Bg1 31. h3 Ke6 32. Ng3 Bc5 33. Nf5
Bf8 34. Ke4 c6 35. c4 b5 36. b3 bxc4 37. bxc4 Kf6 38. Ng3 Ba3 39. Kd3 a5 40. c5
Bb2 41. Kc4 Ba1 42. Ne4+ Ke6 43. Nd2 Bd4 44. Nb3 Bf2 45. Nxa5 h5 46. Nxc6 hxg4
47. hxg4 1-0

[Event "FIDE World Bl Team Pool A"]
[Site "London ENG"]
[Date "2025.06.14"]
[Round "2.5"]
[White "Badescu, Eliza-Ioana"]
[Black "Zhu, Chen"]
[Result "1/2-1/2"]
[BlackTitle "GM"]
[WhiteElo "1832"]
[BlackElo "2423"]
[WhiteTeam "xChess.AI"]
[BlackTeam "FIDE MB Team"]
[WhiteFideId "42214890"]
[BlackFideId "8600546"]
[EventDate "2025.06.14"]
[EventType "team"]

1. e4 d6 2. d4 Nf6 3. Nc3 e5 4. dxe5 dxe5 5. Qxd8+ Kxd8 6. Nf3 Bd6 7. Bg5 Nd7 8.
Rd1 a6 9. Bxf6+ gxf6 10. Bc4 Ke8 11. Nd5 b5 12. Bb3 Bb7 13. a4 Rc8 14. O-O Bc5
15. axb5 axb5 16. Rfe1 c6 17. Ne3 Bf8 18. Bxf7+ Kd8 19. Be6 Rc7 20. Nf5 Bc8 21.
Rd2 Ra7 22. Red1 Bc5 23. Nd6 Bxd6 24. Rxd6 Rc7 25. Nh4 h5 26. Nf5 Rh7 27. Bg8
Rh8 28. Bf7 Rh7 29. Bg6 Rh8 30. Rxf6 Ra7 31. Rfd6 Kc7 32. Ne7 Nc5 33. Rxc6+ Kb8
34. Nxc8 Rxc8 35. Rxc8+ Kxc8 36. g3 Ra2 37. Rd5 Na4 38. Rxb5 Nxb2 39. Rxe5 Nd1
40. Rc5+ Kb8 41. Bxh5 Nb2 42. Bf7 Ra1+ 43. Kg2 Nd1 44. h4 Kb7 45. Bd5+ Kb6 46.
Rc6+ Kb5 47. h5 Ra7 48. h6 Nb2 49. c4+ Kb4 50. Rc5 Nd3 1/2-1/2

[Event "FIDE World Bl Team Pool A"]
[Site "London ENG"]
[Date "2025.06.14"]
[Round "2.6"]
[White "Zaiarski, Stepan"]
[Black "Platschek, Luca"]
[Result "1-0"]
[WhiteElo "1932"]
[BlackElo "1626"]
[WhiteTeam "FIDE MB Team"]
[BlackTeam "xChess.AI"]
[WhiteFideId "13907000"]
[BlackFideId "1289888"]
[EventDate "2025.06.14"]
[EventType "team"]

1. d4 b5 2. e3 a6 3. Nf3 Bb7 4. b3 e6 5. Bb2 Nf6 6. Be2 c5 7. O-O d6 8. c4 Be7
9. cxb5 O-O 10. dxc5 dxc5 11. Qxd8 Rxd8 12. Nc3 axb5 13. Nxb5 Na6 14. Rfd1 Nb4
15. a4 Bd5 16. Nd2 h6 17. f3 Nc2 18. e4 Nxa1 19. exd5 Nc2 20. dxe6 fxe6 21. Bc4
Kh8 22. Nc7 Ne3 23. Re1 Rxd2 24. Rxe3 Ra7 25. Nb5 Rad7 26. Bc3 Rd1+ 27. Kf2 Nd5
28. Rxe6 Nxc3 29. Nxc3 R1d2+ 30. Kg3 Bf6 31. Ne4 Rb2 32. Nxf6 gxf6 33. Rxf6 Rdd2
34. Rxh6+ Kg7 35. Rh5 Rxg2+ 36. Kf4 Rxh2 37. Rxh2 Rxh2 38. Ke5 Rh5+ 39. Kd6 Kf6
40. a5 Rh8 41. a6 Ra8 42. Kxc5 Ke5 43. Kb6 Kd6 44. Kb7 1-0

[Event "FIDE World Bl Team Pool A"]
[Site "London ENG"]
[Date "2025.06.14"]
[Round "2.1"]
[White "Eilenberg, Jonas"]
[Black "Bjerre, Jonas Buhl"]
[Result "1-0"]
[WhiteTitle "FM"]
[BlackTitle "GM"]
[WhiteElo "2316"]
[BlackElo "2651"]
[WhiteTeam "Berlin Lasker Legends"]
[BlackTeam "¡Ållez-Y Initiative!"]
[WhiteFideId "16204271"]
[BlackFideId "1444948"]
[EventDate "2025.06.14"]
[EventType "team"]

1. d4 Nf6 2. c4 e6 3. Nc3 Bb4 4. Qc2 c5 5. dxc5 Bxc5 6. Nf3 b6 7. Bf4 Bb7 8. Rd1
Nc6 9. a3 Ne7 10. e3 Ng6 11. Bg3 Nh5 12. Be2 Nxg3 13. hxg3 Be7 14. Qd2 a6 15.
O-O Qc7 16. Bd3 f5 17. Be2 h5 18. Bd3 h4 19. gxh4 Nxh4 20. Nxh4 Rxh4 21. f4
O-O-O 22. Be2 Bc5 23. b4 Be7 24. c5 bxc5 25. b5 Rdh8 26. Bf3 Rh1+ 27. Kf2 Rxf1+
28. Rxf1 Bxf3 29. Kxf3 axb5 30. Rb1 Qc6+ 31. Kf2 Bh4+ 32. Kg1 Bg3 33. Nxb5 Kd8
34. Nc3 Ke7 35. a4 Qa8 36. Rd1 Qb7 37. Rb1 Qc6 38. a5 d5 39. Rb6 Qa8 40. a6 Rb8
41. Qb2 Rc8 42. Rb7+ Ke8 43. Qb5+ Kf8 44. Qd7 1-0

[Event "FIDE World Bl Team Pool A"]
[Site "London ENG"]
[Date "2025.06.14"]
[Round "2.2"]
[White "Jacobsen, Mikkel Manosri"]
[Black "Yatskar, Martin"]
[Result "1-0"]
[WhiteTitle "FM"]
[BlackTitle "CM"]
[WhiteElo "2223"]
[BlackElo "2225"]
[WhiteTeam "¡Ållez-Y Initiative!"]
[BlackTeam "Berlin Lasker Legends"]
[WhiteFideId "1444514"]
[BlackFideId "34109676"]
[EventDate "2025.06.14"]
[EventType "team"]

1. d4 d5 2. Nf3 c5 3. e3 Nf6 4. a3 cxd4 5. exd4 a6 6. h3 Bf5 7. Bd3 Bxd3 8. Qxd3
e6 9. Bf4 Bd6 10. Bxd6 Qxd6 11. Nbd2 O-O 12. O-O Nc6 13. c3 a5 14. Rfe1 a4 15.
Ne5 Ne7 16. Re2 Ng6 17. Nxg6 hxg6 18. Nf3 Ra6 19. Ne5 Rb6 20. Rae1 Ne4 21. h4
Qe7 22. g3 g5 23. hxg5 Nxg5 24. Kg2 g6 25. Rh1 Kg7 26. f3 Rb3 27. Qe3 Rh8 28.
Rxh8 Kxh8 29. Qf4 Kg7 30. Qh4 Qf6 31. Rf2 Qf5 32. Ng4 Kf8 33. Qh8+ Ke7 34. Qa8
Nxf3 35. Ne5 Ne1+ 36. Kf1 Qb1 37. Rxf7+ Kd6 38. Qf8# 1-0

[Event "FIDE World Bl Team Pool A"]
[Site "London ENG"]
[Date "2025.06.14"]
[Round "2.3"]
[White "Kunz, Andre"]
[Black "Muetsch, Annmarie"]
[Result "1-0"]
[WhiteTitle "CM"]
[BlackTitle "WIM"]
[WhiteElo "2128"]
[BlackElo "2271"]
[WhiteTeam "Berlin Lasker Legends"]
[BlackTeam "¡Ållez-Y Initiative!"]
[WhiteFideId "24623652"]
[BlackFideId "12971367"]
[EventDate "2025.06.14"]
[EventType "team"]

1. e4 d6 2. d4 Nf6 3. Nc3 e5 4. Nf3 Nbd7 5. Be2 Be7 6. O-O c6 7. Re1 Qc7 8. a4
a5 9. h3 h6 10. Bf1 Nf8 11. Be3 Ng6 12. Qd2 O-O 13. Rad1 Kh7 14. d5 c5 15. Nb5
Qd8 16. Bd3 b6 17. c4 Nh5 18. Kh2 Nhf4 19. Bc2 Bd7 20. Ng1 Bxb5 21. axb5 Bg5 22.
g3 Nh5 23. Rf1 Bxe3 24. Qxe3 Qg5 25. Qe2 Ne7 26. Nf3 Qf6 27. Nh4 g6 28. Qe3 Qg5
29. Qe2 Qf6 30. Ng2 Qg7 31. f4 exf4 32. gxf4 Qxb2 33. e5 Nf5 34. Rf2 Nd4 35.
Bxg6+ 1-0

[Event "FIDE World Bl Team Pool A"]
[Site "London ENG"]
[Date "2025.06.14"]
[Round "2.4"]
[White "Loftgaard, Mikkel Vinh"]
[Black "Stein, Theodor"]
[Result "1-0"]
[WhiteTitle "FM"]
[WhiteElo "2243"]
[BlackElo "1877"]
[WhiteTeam "¡Ållez-Y Initiative!"]
[BlackTeam "Berlin Lasker Legends"]
[WhiteFideId "1468480"]
[BlackFideId "34602801"]
[EventDate "2025.06.14"]
[EventType "team"]

1. e4 d6 2. d4 Nf6 3. Nc3 g6 4. Nf3 Bg7 5. Bg5 Nc6 6. Qd2 h6 7. Bf4 Bg4 8. h3
Bxf3 9. gxf3 e5 10. dxe5 dxe5 11. Qxd8+ Rxd8 12. Be3 a6 13. Bd3 O-O 14. O-O-O
Nd4 15. Bxd4 Rxd4 16. Ne2 Rd7 17. f4 exf4 18. Nxf4 Rfd8 19. f3 h5 20. Kb1 Bh6
21. Ne2 c5 22. e5 c4 23. exf6 cxd3 24. cxd3 Rxd3 25. Rxd3 Rxd3 26. Rf1 Bg5 27.
Nc3 Bxf6 28. Ne4 Be7 29. Kc2 Rd7 30. f4 f5 31. Nf2 Bf6 32. Nd3 Rc7+ 33. Kd2 Rd7
34. Kc2 Rc7+ 35. Kd2 Kf7 36. Re1 Rd7 37. Kc2 Rc7+ 38. Kd2 Bd4 39. Re2 b5 40. Kd1
Kf6 41. Nb4 Rd7 42. Rd2 Rd6 43. Nxa6 Ke7 44. Nc7 Bc5 45. Nxb5 Rxd2+ 46. Kxd2 g5
47. fxg5 Kf7 48. Ke2 h4 49. Kf3 Kg6 50. Nc3 Kxg5 51. Nd5 Kg6 52. b4 Bd6 53. a4
Kf7 54. b5 Ke6 55. Ne3 Bc7 56. Ng2 Bd8 57. Nf4+ Kd6 58. Nd3 Kd5 59. Kf4 Kc4 60.
Ne5+ Kc5 61. Kxf5 Bc7 62. Nd7+ Kb4 63. b6 Bg3 64. b7 Kxa4 65. b8=Q Bxb8 66. Nxb8
Kb5 67. Nd7 Kc6 68. Nf6 Kd6 69. Kg4 Ke6 70. Ne4 Ke5 71. Ng5 Kf6 72. Nf3 Kg6 73.
Nxh4+ Kh6 74. Nf5+ Kg6 75. h4 Kh7 76. Kg5 Kg8 77. h5 Kh7 78. h6 Kg8 79. Kg6 Kh8
80. Nd6 Kg8 81. h7+ Kh8 82. Nf7# 1-0

[Event "FIDE World Bl Team Pool A"]
[Site "London ENG"]
[Date "2025.06.14"]
[Round "2.5"]
[White "Ho, Ngoc Hai-Dang"]
[Black "Jalving, August"]
[Result "0-1"]
[BlackTitle "CM"]
[WhiteElo "1932"]
[BlackElo "2306"]
[WhiteTeam "Berlin Lasker Legends"]
[BlackTeam "¡Ållez-Y Initiative!"]
[WhiteFideId "16206509"]
[BlackFideId "1471759"]
[EventDate "2025.06.14"]
[EventType "team"]

1. e4 c5 2. Nf3 d6 3. d4 cxd4 4. Nxd4 Nf6 5. Nc3 a6 6. Bc4 e6 7. Bb3 Nc6 8. Be3
Be7 9. O-O O-O 10. f3 Qc7 11. Qd2 b5 12. Rad1 Na5 13. a4 Nc4 14. Qc1 Nxe3 15.
Qxe3 bxa4 16. Bxa4 Bb7 17. Ra1 d5 18. e5 Nd7 19. Bxd7 Qxd7 20. Nce2 Bc5 21. c3
a5 22. f4 a4 23. Kh1 Ba6 24. Rfe1 Rab8 25. Qd2 Bc4 26. Qc2 Ra8 27. b3 axb3 28.
Nxb3 Bf2 29. Rf1 Rxa1 30. Rxa1 f6 31. Ned4 fxe5 32. fxe5 Qf7 33. Nd2 Bxd4 34.
cxd4 Be2 35. h3 Qf4 36. Rg1 Qxd4 37. Re1 Bd3 38. Qd1 Bg6 39. Qe2 Rf2 40. Qa6
Qxd2 41. Qc8+ Rf8 42. Qxe6+ Bf7 0-1

[Event "FIDE World Bl Team Pool A"]
[Site "London ENG"]
[Date "2025.06.14"]
[Round "2.6"]
[White "McCallum, Elliot"]
[Black "Schuster, Rebekka"]
[Result "1/2-1/2"]
[WhiteElo "1924"]
[BlackElo "1806"]
[WhiteTeam "¡Ållez-Y Initiative!"]
[BlackTeam "Berlin Lasker Legends"]
[WhiteFideId "2645718"]
[BlackFideId "24674095"]
[EventDate "2025.06.14"]
[EventType "team"]

1. e4 e6 2. d4 d5 3. e5 c5 4. c3 Nh6 5. Nf3 Nc6 6. Bd3 Nf5 7. dxc5 Bxc5 8. O-O
O-O 9. Qe2 h6 10. Nbd2 Bd7 11. c4 dxc4 12. Nxc4 b5 13. Ne3 a6 14. Nxf5 exf5 15.
Rd1 Qe7 16. Bf4 g5 17. Be3 Bxe3 18. Qxe3 Rae8 19. Nd4 Qxe5 20. Qxe5 Nxe5 21.
Bxf5 Bxf5 22. Nxf5 Nc4 23. Nxh6+ Kg7 24. Nf5+ Kg6 25. Nd6 Nxd6 26. Rxd6+ Re6 27.
Rxe6+ fxe6 28. Rd1 Rc8 29. f3 Rc2 30. Rd6 Kf6 31. Rxa6 Rxb2 32. h3 b4 33. Kh2
Kf5 34. Kg3 Kf6 35. Ra4 Kf5 36. Ra5+ Kf6 37. Ra8 Kf5 38. Rf8+ Kg6 39. Rg8+ Kf5
40. Rb8 Kf6 41. Rb5 e5 42. Rb6+ Kf5 43. Kh2 Kf4 44. Kg1 Ke3 45. Re6 Kf4 46. Rf6+
Kg3 47. Kf1 Rb1+ 48. Ke2 Rb2+ 49. Kd3 Rxa2 50. Kc4 Rb2 51. Rf5 b3 52. Rxg5+ Kf2
53. Rxe5 Rb1 54. Rb5 b2 55. Kc3 Kxg2 56. Rxb2+ Rxb2 57. Kxb2 Kxf3 1/2-1/2

[Event "FIDE World Bl Team Pool A"]
[Site "London ENG"]
[Date "2025.06.14"]
[Round "2.1"]
[White "Dudin, Gleb"]
[Black "Hansen, Eric"]
[Result "0-1"]
[WhiteTitle "GM"]
[BlackTitle "GM"]
[WhiteElo "2574"]
[BlackElo "2609"]
[WhiteTeam "Global Ramblers"]
[BlackTeam "ChessbrahTV"]
[WhiteFideId "34184934"]
[BlackFideId "2606771"]
[EventDate "2025.06.14"]
[EventType "team"]

1. d4 Nf6 2. c4 e6 3. Nf3 Bb4+ 4. Bd2 Be7 5. g3 d5 6. Bg2 O-O 7. O-O Nbd7 8. b4
Ne4 9. Qb3 Ndf6 10. a4 c6 11. Rc1 a5 12. cxd5 Nxd2 13. Nbxd2 cxd5 14. b5 Bb4 15.
Ra2 Bd7 16. Ne5 Qb6 17. e3 Rfc8 18. Qd1 Be8 19. Rac2 Rxc2 20. Rxc2 Nd7 21. Nd3
Bd6 22. Nb3 Qd8 23. Nbc5 Rb8 24. h4 g6 25. e4 dxe4 26. Bxe4 b6 27. Nb7 Qe7 28.
Bf3 Nf6 29. Nxd6 Qxd6 30. Ne5 Rd8 31. Nc6 Rd7 32. Qc1 Rc7 33. Kg2 Kg7 34. h5 h6
35. hxg6 fxg6 36. Qe3 Nd5 37. Qd2 Bxc6 38. bxc6 Rxc6 39. Rb2 Rc4 40. Qd3 Rb4 41.
Rc2 Ne7 42. Rd2 h5 43. d5 exd5 44. Qc3+ d4 45. Qc2 Qf6 46. Qc7 Kh6 47. Re2 Nf5
48. Re8 Rb3 49. Be4 Nd6 50. Rd8 Nxe4 0-1

[Event "FIDE World Bl Team Pool A"]
[Site "London ENG"]
[Date "2025.06.14"]
[Round "2.2"]
[White "Ragnarsson, Dagur"]
[Black "Shabalov, Alexander"]
[Result "1-0"]
[WhiteTitle "IM"]
[BlackTitle "GM"]
[WhiteElo "2349"]
[BlackElo "2483"]
[WhiteTeam "ChessbrahTV"]
[BlackTeam "Global Ramblers"]
[WhiteFideId "2304058"]
[BlackFideId "2008572"]
[EventDate "2025.06.14"]
[EventType "team"]

1. Nf3 b5 2. g3 Bb7 3. Bg2 Nf6 4. d3 g6 5. e4 Bg7 6. O-O O-O 7. c3 c5 8. Be3 d6
9. h3 a5 10. Nbd2 b4 11. Qc2 Nc6 12. Rfc1 Qb8 13. Nc4 Nd7 14. Qd2 Re8 15. Bh6
Bh8 16. Ne3 Nde5 17. Nxe5 dxe5 18. Nd5 Ra6 19. a3 b3 20. a4 Bc8 21. Ne3 Bg7 22.
Nc4 Rd8 23. Bxg7 Kxg7 24. Qe3 Be6 25. Na3 Qb6 26. Bf1 Ra7 27. Rd1 Rad7 28. f4 f6
29. Nb5 Bf7 30. Rd2 Na7 31. Na3 Nc6 32. h4 h6 33. Nb5 Na7 34. Nxa7 Qxa7 35. fxe5
fxe5 36. Rf2 Be6 37. Be2 c4 38. Qxa7 Rxa7 39. dxc4 Rc7 40. Rd1 Rxd1+ 41. Bxd1
Rxc4 42. Bxb3 Rc6 43. Bxe6 Rxe6 44. Kf1 Rc6 45. Ke2 Rc4 46. Kd3 Rxa4 47. b3 Ra1
48. Kc4 Rg1 49. Rf3 Rb1 50. b4 axb4 51. cxb4 e6 52. b5 Rc1+ 53. Kb4 Rc8 54. b6
g5 55. hxg5 hxg5 56. Kb5 Kg6 57. g4 1-0